000
00312nam a22001337a 4500
008
180814b xxu||||| |||| 00| 0 eng d
020
_a
0816317208
041
_a
eng
080
_a
61
100
_a
3
101
_a
shm
245
_a
FAMILY MEDICINE GUIDE TO HEALTH FITNESS
_c
HARDINGE.M.C
942
_2
udc
_c
BK
999
_c
47068
_d
47068